00609nam a2200229 a 4500001001300000003000900013005001700022008004100039020001000080082001400090100001700104245002200121260003800143300000800181500003500189650001600224700001700240902000800257942000700265952009400272999001300366nice12345678IN_TiNIC20260116011302.0050524s1928 siya grp 000 0 urd  ac10000a239bAKB5 aAkbar, Masih aQadiyani Mohasib. aSiyalkotbAgha Shahbaz Khanc1928 a20p aincludes index and biblioraphy aApologetics1 aAkbar, Masih bSRS cBK 00104070aHMIbHMId2007-06-21g100.00l0o239 AKB5p4846r2007-06-21w2026-01-16yARB c168d168